| 000 | 00454nam a2200181Ia 4500 | ||
|---|---|---|---|
| 001 | 3900 | ||
| 005 | 20260306145717.0 | ||
| 008 | 260306t2018||||xx |||||||||||||| ||spa|| | ||
| 041 | _aESP | ||
| 082 |
_a305.4 _bL582 |
||
| 100 |
_aLucchetti Bingemer, Maria Clara _eAUT |
||
| 245 | 0 | _aTransformar la iglesia y la sociedad en femenino | |
| 260 | _c2018 | ||
| 300 |
_a32 páginas : _c20 cm. |
||
| 650 | _aGEN | ||
| 654 | _aCHU | ||
| 942 |
_cLIB _dJUS _fJUS _2ddc _n |
||
| 999 |
_c3900 _d3900 |
||